Представление документа в формате RUSMARC

ПолеНазваниеЗначение
  Тип записи a
  Библиографический уровень m
001 Контрольный номер RU/IS/BASE/265293571
005 Дата корректировки 20230824122403.5
010 Индекс ISBN __
d Цена 0-70
101 Язык документа 0_
a Язык текста rus
200 Заглавие и сведения об ответственности 0_
a Заглавие "Поехали"
e Сведения, относящиеся к заглавию Докум. очерки о космосе и космонавтах
210 Выходные данные __
a Место издания М.
c Издательство Молодая гвардия
d Дата издания 1981
215 Физическое описание __
a Объем 303с.
c Иллюстрации/тип воспроизводства ил.
225 Серия (Журнальная рубрика) __
a Серия (Журнальная рубрика) Люди и космос
318 Примечание о действии __
a Действие п
606 Тематические рубрики __
a Основная рубрика транспорт
608 Указатель предметных рубрик __
a Жанр/форма очерк
610 Ключевые слова __
a Ключевые слова космос, космонавт
686 Индексы других классификаций __
a Индекс ББК 39.6
700 Автор _1
a Фамилия Губарев
b Имя В.С.
801 Источник записи _0
a Страна RU
b Организация ЦРБ, Сургут
801 Источник записи _1
a Страна RU
b Организация ЦРБ, Сургут
852 Данные о местонахождении __
j Шифр хранения 39.6
i Авторский знак Г93
p Инвентарный номер 6634
b Сигла хранения ООЧ; 16
901 Тип документа __
t Тип документа m
990 Данные о заказе (DOS) 00
j Количество экземпляров (DOS) 2